Le dessin architectural chez les anciens Egyptiens étude comparative des représentations égyptiennes de constructions

محفوظ في:

المؤلف الرئيسي: Alexander Badawy

التنسيق: كتاب

اللغة: Undetermined

منشور في: Le Caire Imprimerie nationale, 1948

الموضوعات:

الوسوم: إضافة وسم

لا توجد وسوم, كن أول من يضع وسما على هذه التسجيلة!

رقم الطلب: NA215.B283

LEADER 00701nam a2200157Ia 4500
008 220904s9999||||xx |||||||||||||| ||und||
050 |a NA215.B283 
100 1 |a Alexander Badawy 
245 1 0 |a Le dessin architectural chez les anciens Egyptiens  |b étude comparative des représentations égyptiennes de constructions  |c Alexander Badawy 
264 1 |a  Le Caire  |b  Imprimerie nationale, 1948 
300 |a 291p.  |b 291 p. : ill 
504 |a En tête de la p. de titre: Service des antiquités de l'Egypte. 
650 4 |a Architecture égyptienne -- Histoire. 
942 |2 lcc  |c BK 
952 |0 0  |1 0  |2 lcc  |4 0  |7 1  |9 42766  |a ARCE  |b ARCE  |d 2022-09-04  |l 0  |o (F)NA215.B283  |p 1021423  |r 2022-09-04 00:00:00  |w 2022-09-04  |y BK 
999 |c 49439  |d 49439